00383nam a22001097a 4500003000400000005001700004008004100021040001800062100004800080245008800128260005700216OSt20260128094247.0220106b ||||| |||| 00| 0 eng d cAIMIT LIBRARY aRodrigues, Royline; Dsouza, Rayan.d1516131 aProject Report on Evaluation of Performance Appraisal System at Big Bazaar, Udupi / aFuture Retail Limited, BangalorebRayan Dsouzac2017